Animals found at the zoo - Statistics

General Stats
  • This quiz has been taken 154 times
  • The average score is 11 of 15
Answer Stats
Hint Answer % Correct
(This is my favorite animal ) Sharp teeth . Mane . Known as the king of the jungle Lion
97%
Stripes . Big cat Tiger
97%
Biggest land animal on earth . Elephant
95%
Tallest land animal on earth . Giraffe
95%
Stripes . Part of the equidae family . Zebra
86%
Weird skin . Mostly green . Rhymes with wizard . Lizard
85%
Long horns . Rhymes with the word Cantelope . Antelope
84%
This bird is pink . Has got long legs . And is the title of a viral tik tok song Flamingo
78%
(This is my favorite animal )The Visco girls go crazy about this animal . It has a hard layer of shell to protect them , its like a home . Turtle
74%
Black . This animal is has the same name (half of it really ) as a marvel superhero figure . Panther
68%
Whether its Tweet or squak these animals all have wings . Birds
51%
This species of animals are endangred . Sometimes can have 2 or 3 horns at the front of thier heads . Rhinoceros
44%
(This is also my favorite animal ) This animal can grow HUMONGUS if you feed it right . It can also live for many many years. Tortoise
43%
We evolved from these animals . Chimpanzees
30%
This animal is one of the main characters of the lion guard . His name is Beshte Hippopotamus
22%
No matching quizzes found
Score Distribution
Percent of People with Each Score
Percentile by Number Answered
Your Score History
You have not taken this quiz